| 000 | 00964nam a22002171cc4500 | ||
|---|---|---|---|
| 001 | a987694134+Band1 | ||
| 003 | RU-10907106 | ||
| 005 | 20221118094050.0 | ||
| 008 | 200615s1928 gw |||| 000u ger d | ||
| 035 | _aa987694134 | ||
| 040 |
_cRU-10907106 _aRU-10907106 _bger |
||
| 245 | 0 | 0 |
_aProtokoll Sechster Weltkongress der Kommunistischen Internationale _nBand 1 _pDie internationale Lage und die Aufgaben der Komintern. Der Kampf gegen die imperialistische Kriegsgefahr |
| 246 | 1 | 2 |
_aProtokoll Sechster Weltkongress der Kommunistischen Internationale : Moskau, 17. Juli-1. September 1928. Die internationale Lage und die Aufgaben der Komintern. Der Kampf gegen die imperialistische Kriegsgefahr _nBand 1 |
| 264 |
_aHamburg : _bVerlag Carl Hoym Nachfolger, _c1928 |
||
| 300 | _a813 Seiten | ||
| 610 |
_aKommunistische Internationale. Congress _95924 |
||
| 648 | 0 |
_a1928 _95925 |
|
| 651 |
_aSowjetunion _9127 |
||
| 773 | 0 | 8 |
_wa987694134 _qBand1 |
| 942 |
_cMG _2z |
||
| 999 |
_c29457 _d29457 |
||